[Event "Quebec op"]
[Site "Montreal CAN"]
[Date "2003.07.14"]
[Round "4"]
[White "Beaulieu, Eric"]
[Black "Laurain, Guy"]
[Result "1-0"]
[WhiteElo "2232"]
[BlackElo "2079"]
[PlyCount "91"]
[EventDate "2003.07.12"]
[EventType "swiss"]
[EventRounds "9"]
[EventCountry "CAN"]

1. d4 Nf6 2. c4 d6 3. Nc3 g6 4. e4 Bg7 5. h3 c6 6. Bg5 Qa5 7. Qd2 a6 8. Nf3
Nbd7 9. Bd3 e5 10. d5 cxd5 11. Nxd5 Qxd2+ 12. Nxd2 Nxd5 13. cxd5 Nc5 14. Bc2 b5
15. b4 Nb7 16. Bd3 O-O 17. Ke2 f5 18. f3 Bf6 19. Bxf6 Rxf6 20. Rhc1 Nd8 21. Rc7
Rf7 22. Rac1 Bd7 23. Nb3 fxe4 24. fxe4 g5 25. Ke3 g4 26. hxg4 Bxg4 27. Be2 Bxe2
28. Kxe2 Rxc7 29. Rxc7 Nf7 30. Na5 Kg7 31. Nb7 Kf6 32. Rd7 Rg8 33. Nxd6 Ng5 34.
Ke3 Ra8 35. Nb7 Rc8 36. Nc5 a5 37. a3 axb4 38. axb4 Ra8 39. Rb7 Ra3+ 40. Nd3
Nf7 41. Rxb5 Nd6 42. Rc5 Kg5 43. Rc6 Nf7 44. Re6 h5 45. d6 Ra6 46. Nxe5 1-0

[Event "Quebec op"]
[Site "Montreal CAN"]
[Date "2003.07.14"]
[Round "4"]
[White "Bolduc, Steve"]
[Black "Neacsu, Catalin"]
[Result "1/2-1/2"]
[WhiteElo "2275"]
[BlackElo "1873"]
[PlyCount "78"]
[EventDate "2003.07.12"]
[EventType "swiss"]
[EventRounds "9"]
[EventCountry "CAN"]

1. d4 d5 2. c4 c6 3. Nf3 Nf6 4. Nc3 dxc4 5. a4 Bf5 6. Ne5 Nbd7 7. Nxc4 Qc7 8.
g3 e5 9. dxe5 Nxe5 10. Bf4 Nfd7 11. Qd4 f6 12. Rd1 Bc5 13. Nd6+ Bxd6 14. Qxd6
Qxd6 15. Rxd6 Ke7 16. Rd1 a5 17. e4 Be6 18. Be2 Bh3 19. Rg1 h5 20. f3 Be6 21.
Kf2 g5 22. Bc1 Bb3 23. Rd4 Nc5 24. Be3 b6 25. h3 Rag8 26. f4 gxf4 27. gxf4 Rxg1
28. Kxg1 Ned7 29. Kf2 Be6 30. h4 Bb3 31. Bd1 Bxd1 32. Rxd1 Rg8 33. Kf3 Rg4 34.
Bf2 Rg8 35. Bg3 Rg4 36. Rd4 Nb3 37. Rd1 Nbc5 38. Rb1 Nb3 39. Rd1 Nbc5 1/2-1/2

[Event "Quebec op"]
[Site "Montreal CAN"]
[Date "2003.07.14"]
[Round "4"]
[White "Cazelais, Marc"]
[Black "McDonough, Jonathan"]
[Result "1/2-1/2"]
[WhiteElo "2218"]
[BlackElo "2040"]
[PlyCount "44"]
[EventDate "2003.07.12"]
[EventType "swiss"]
[EventRounds "9"]
[EventCountry "CAN"]

1. e4 e6 2. d4 d5 3. Nd2 Nf6 4. e5 Nfd7 5. Bd3 c5 6. c3 Nc6 7. Ngf3 f6 8. O-O
Qb6 9. Re1 cxd4 10. exf6 Nxf6 11. cxd4 Be7 12. Nf1 Bd7 13. Ng3 O-O 14. a3 Kh8
15. Bc2 Rac8 16. b4 Ng4 17. Be3 Nxe3 18. fxe3 g6 19. Rf1 e5 20. dxe5 Qxe3+ 21.
Kh1 d4 22. Re1 Qc3 1/2-1/2

[Event "Quebec op"]
[Site "Montreal CAN"]
[Date "2003.07.14"]
[Round "4"]
[White "Laframboise, Marc-Andre"]
[Black "Falardeau, Bruno"]
[Result "1-0"]
[WhiteElo "2110"]
[BlackElo "1983"]
[PlyCount "65"]
[EventDate "2003.07.12"]
[EventType "swiss"]
[EventRounds "9"]
[EventCountry "CAN"]

1. d4 e6 2. c4 f5 3. Nf3 b6 4. d5 Bb4+ 5. Bd2 Bxd2+ 6. Qxd2 Qe7 7. Nc3 Nf6 8.
Rd1 Bb7 9. Nb5 Ne4 10. Nxc7+ Kd8 11. Qf4 Qc5 12. Ng5 Nxg5 13. Nxa8 Ne4 14.
Qxb8+ Ke7 15. Qf4 Qb4+ 16. Rd2 Rxa8 17. dxe6 dxe6 18. a3 Qa5 19. f3 Nxd2 20.
Qxd2 Qc5 21. e3 Rd8 22. Qc3 Kf7 23. b4 Qd6 24. Be2 g5 25. Kf2 f4 26. Rd1 Qe7
27. Rxd8 Qxd8 28. Qd4 Qc7 29. exf4 gxf4 30. Qh8 Kg6 31. Bd3+ Kh6 32. Qf6+ Kh5
33. h4 1-0

[Event "Quebec op"]
[Site "Montreal CAN"]
[Date "2003.07.14"]
[Round "4"]
[White "Luksza, Arkadiusz"]
[Black "Cloutier, Mario"]
[Result "1-0"]
[WhiteElo "2211"]
[BlackElo "2022"]
[PlyCount "107"]
[EventDate "2003.07.12"]
[EventType "swiss"]
[EventRounds "9"]
[EventCountry "CAN"]

1. c4 c6 2. d4 d5 3. e3 Nf6 4. Nc3 a6 5. Nf3 b5 6. cxb5 cxb5 7. Bd3 Bg4 8. O-O
e6 9. a4 b4 10. Ne2 Bd6 11. Ne5 Bxe5 12. dxe5 Nfd7 13. f3 Bh5 14. Ng3 Bg6 15.
f4 Bxd3 16. Qxd3 h5 17. Bd2 Nc5 18. Qc2 Qb6 19. a5 Qb5 20. f5 h4 21. Ne2 b3 22.
Qc3 Nbd7 23. fxe6 fxe6 24. Nf4 Qb8 25. Nd3 Ne4 26. Qc6 Nxd2 27. Qxe6+ Kd8 28.
Rf7 Ra7 29. Qe7+ Kc8 30. Rc1+ Nc4 31. e6 Nde5 32. Qc5+ Rc7 33. Rxc7+ Qxc7 34.
Qxc7+ Kxc7 35. Nxe5 Rc8 36. Nxc4 Kd8 37. Kf2 dxc4 38. Ke2 Ke7 39. Kd2 Kxe6 40.
Kc3 Rf8 41. Rd1 Rf2 42. Rd2 Rxd2 43. Kxd2 Ke5 44. Kc3 Ke4 45. Kxc4 Kxe3 46.
Kxb3 Kf2 47. Kc2 Kxg2 48. b4 g5 49. b5 g4 50. bxa6 Kxh2 51. a7 g3 52. a8=Q g2
53. Qb8+ Kh1 54. Qh8 1-0

[Event "Quebec op"]
[Site "Montreal CAN"]
[Date "2003.07.14"]
[Round "4"]
[White "Nogueiras, Jesus"]
[Black "Vallieres, Mario"]
[Result "1-0"]
[WhiteElo "2565"]
[BlackElo "2090"]
[PlyCount "55"]
[EventDate "2003.07.12"]
[EventType "swiss"]
[EventRounds "9"]
[EventCountry "CAN"]

1. c4 f5 2. Nc3 Nf6 3. g3 e6 4. Bg2 Be7 5. Nf3 O-O 6. O-O d6 7. d4 a5 8. b3 c6
9. Ba3 Na6 10. e3 Bd7 11. d5 exd5 12. cxd5 c5 13. Bb2 Nc7 14. a4 b5 15. axb5
Nxb5 16. Ng5 Nxc3 17. Bxc3 Qb6 18. Ra3 Qc7 19. Ne6 Rfe8 20. Qc2 g6 21. Qb2 Ne4
22. Bxe4 fxe4 23. Nf4 a4 24. h4 Rab8 25. Rfa1 Rb7 26. h5 Kf7 27. hxg6+ hxg6 28.
Bh8 1-0

[Event "Quebec op"]
[Site "Montreal CAN"]
[Date "2003.07.14"]
[Round "4"]
[White "Rek, Slava"]
[Black "Anastasovski, Nikola"]
[Result "1-0"]
[WhiteElo "2367"]
[BlackElo "2062"]
[PlyCount "83"]
[EventDate "2003.07.12"]
[EventType "swiss"]
[EventRounds "9"]
[EventCountry "CAN"]

1. e4 e5 2. Nf3 Nc6 3. Bc4 Nf6 4. d3 Be7 5. O-O d6 6. c3 O-O 7. Bb3 Bg4 8. h3
Bh5 9. Re1 Na5 10. Bc2 c5 11. Nbd2 Nc6 12. Nf1 Qc7 13. Ng3 Bg6 14. Nh4 Rad8 15.
Nhf5 Rfe8 16. h4 Bxf5 17. Nxf5 Bf8 18. Qf3 Ne7 19. Nh6+ gxh6 20. Qxf6 Bg7 21.
Qf3 Rf8 22. Qh5 Kh8 23. Bxh6 Rg8 24. Be3 Ng6 25. g3 b5 26. a4 a6 27. axb5 axb5
28. Bb3 Qd7 29. Qf5 Rgf8 30. Qxd7 Rxd7 31. Ra5 Rb8 32. Rea1 Nf8 33. Ra8 Rb6 34.
R1a7 Rdb7 35. Rxb7 Rxb7 36. Bd5 Re7 37. Rd8 b4 38. Rxd6 bxc3 39. bxc3 Ne6 40.
Bxe6 fxe6 41. Rd8+ Bf8 42. Bh6 1-0

[Event "Quebec op"]
[Site "Montreal CAN"]
[Date "2003.07.14"]
[Round "4"]
[White "Saint Amand, Paul"]
[Black "Pruess, David"]
[Result "0-1"]
[WhiteElo "2088"]
[BlackElo "2399"]
[PlyCount "108"]
[EventDate "2003.07.12"]
[EventType "swiss"]
[EventRounds "9"]
[EventCountry "CAN"]

1. e4 e6 2. d4 d5 3. e5 c5 4. c3 Nc6 5. Nf3 Qc7 6. Be2 Bd7 7. O-O f6 8. Re1
O-O-O 9. Bf1 fxe5 10. Nxe5 Nxe5 11. dxe5 h6 12. a3 g5 13. b4 Bg7 14. Qe2 Ne7
15. Be3 c4 16. Bc5 Be8 17. Bd6 Qd7 18. a4 Nf5 19. Bc5 b6 20. Bd4 Nxd4 21. cxd4
Bf8 22. Qb2 Qe7 23. b5 Qb4 24. Qxb4 Bxb4 25. Rc1 Bg6 26. g3 Bf5 27. Ra2 Kc7 28.
Nc3 Ra8 29. Nd1 Kd7 30. Ne3 Be4 31. Bg2 Bxg2 32. Kxg2 a6 33. Rb1 Bc3 34. Nc2 g4
35. Ra3 Bd2 36. Ne3 h5 37. Nf1 Bg5 38. h4 Be7 39. Raa1 Ra7 40. Ne3 Rha8 41. Nc2
axb5 42. Rxb5 Kc6 43. Rab1 Bd8 44. Nb4+ Kd7 45. Na2 Rxa4 46. Nc3 Ra1 47. Ne2
Rxb1 48. Rxb1 Kc6 49. Nf4 b5 50. Nxe6 Be7 51. Ng7 Ba3 52. Nf5 c3 53. Ne3 Bb2
54. Nc2 Ra4 0-1

[Event "Quebec op"]
[Site "Montreal CAN"]
[Date "2003.07.15"]
[Round "5"]
[White "Caceres Cortes, Julio"]
[Black "Desmarais, Emmanuel"]
[Result "0-1"]
[WhiteElo "2100"]
[BlackElo "2000"]
[PlyCount "70"]
[EventDate "2003.07.12"]
[EventType "swiss"]
[EventRounds "9"]
[EventCountry "CAN"]

1. e4 c6 2. d4 d5 3. e5 Bf5 4. Nc3 e6 5. g4 Bg6 6. Nge2 Nd7 7. Nf4 Ne7 8. h4 h6
9. Be3 Rc8 10. Qd2 a6 11. h5 Bh7 12. Bd3 Bxd3 13. Nxd3 c5 14. Ne2 Nc6 15. c3
cxd4 16. cxd4 a5 17. a3 Nb6 18. Nc3 Nc4 19. Qe2 Qb6 20. Rd1 Nxd4 21. Bxd4 Qxd4
22. Rh3 Be7 23. Rf3 O-O 24. Rf4 Qb6 25. Rf3 Nxa3 26. Kf1 Nc4 27. Rg3 f6 28. Re1
fxe5 29. Nxe5 Nxe5 30. Re3 Bf6 31. g5 hxg5 32. h6 gxh6 33. Qh5 Bg7 34. R1e2 d4
35. Na4 Rc1+ 0-1

[Event "Quebec op"]
[Site "Montreal CAN"]
[Date "2003.07.15"]
[Round "5"]
[White "Gilman, Arkadiy"]
[Black "Singher, Jean-Pierre"]
[Result "1-0"]
[WhiteElo "2125"]
[BlackElo "1972"]
[PlyCount "123"]
[EventDate "2003.07.12"]
[EventType "swiss"]
[EventRounds "9"]
[EventCountry "CAN"]

1. d4 Nf6 2. c4 e6 3. Nc3 d5 4. Bg5 Be7 5. e3 O-O 6. Rc1 c6 7. Nf3 Nbd7 8. Qc2
b6 9. Bd3 Bb7 10. O-O h6 11. Bh4 Rc8 12. Qe2 dxc4 13. Bxc4 b5 14. Bd3 a6 15.
Rfd1 Re8 16. Bb1 Qb6 17. Ne5 c5 18. Bg3 Red8 19. Nxd7 Rxd7 20. dxc5 Rxd1+ 21.
Rxd1 Qc6 22. f3 Bxc5 23. Bh4 Be7 24. Ne4 g5 25. Be1 Nxe4 26. Bxe4 Qb6 27. Bxb7
Qxb7 28. Bc3 Qb6 29. Bd4 Qc7 30. f4 Qc2 31. Rd2 Qf5 32. Qh5 Rc1+ 33. Kf2 gxf4
34. Qxf5 fxe3+ 35. Bxe3 exf5 36. Bxh6 Rc7 37. Bf4 Rc4 38. Kf3 Kg7 39. Be5+ Kg6
40. b3 Re4 41. Re2 Rxe2 42. Kxe2 Ba3 43. Kd3 Kg5 44. Kd4 f4 45. Ke4 Bc1 46. Kf3
Bd2 47. Bd6 Kf5 48. Bf8 Bc3 49. Bh6 Be5 50. h4 Bf6 51. h5 Be5 52. Bf8 Bc7 53.
h6 Kg6 54. Ke4 Bd8 55. Kxf4 Bg5+ 56. Ke5 Bf6+ 57. Kd6 Bg5 58. Kc6 f5 59. Kb6
Bxh6 60. Bxh6 Kxh6 61. Kxa6 Kg5 62. Kxb5 1-0

[Event "Quebec op"]
[Site "Montreal CAN"]
[Date "2003.07.15"]
[Round "5"]
[White "Gravel, Simon M"]
[Black "Arsenault, Nicolas"]
[Result "1/2-1/2"]
[WhiteElo "2266"]
[BlackElo "2043"]
[PlyCount "31"]
[EventDate "2003.07.12"]
[EventType "swiss"]
[EventRounds "9"]
[EventCountry "CAN"]

1. c4 Nf6 2. g3 g6 3. Bg2 Bg7 4. Nc3 d6 5. e3 O-O 6. Nge2 e5 7. O-O c6 8. d4 h5
9. h4 Bg4 10. Re1 Re8 11. b4 exd4 12. exd4 d5 13. cxd5 Nxd5 14. Nxd5 cxd5 15.
Be3 Nc6 16. Qd2 1/2-1/2

[Event "Quebec op"]
[Site "Montreal CAN"]
[Date "2003.07.15"]
[Round "5"]
[White "Hebert, Jean"]
[Black "Abreu Cordero, Jose"]
[Result "1-0"]
[WhiteElo "2455"]
[BlackElo "2079"]
[PlyCount "81"]
[EventDate "2003.07.12"]
[EventType "swiss"]
[EventRounds "9"]
[EventCountry "CAN"]

1. c4 e5 2. Nc3 d6 3. Nf3 c6 4. d4 Qc7 5. e4 Bg4 6. Be2 Nd7 7. Be3 Ngf6 8. O-O
Be7 9. h3 Bxf3 10. Bxf3 O-O 11. Qd2 Rfd8 12. Rad1 Nf8 13. d5 c5 14. Rb1 a6 15.
b4 b6 16. Bd1 Rab8 17. Qd3 N6d7 18. Ba4 Ng6 19. g3 Bf6 20. Kg2 h6 21. Bxd7 Qxd7
22. Rb3 Rdc8 23. Rfb1 Qc7 24. bxc5 bxc5 25. Qc2 Rxb3 26. Qxb3 Qa5 27. Bd2 Bd8
28. Qb7 Qc7 29. Qxa6 Be7 30. Rb7 Qd8 31. Nb5 Ra8 32. Ra7 Rxa7 33. Qxa7 h5 34.
Ba5 Qc8 35. Bc7 Kh7 36. Bxd6 Bf6 37. Qxc5 Qd8 38. Qc7 Qe8 39. Qb8 Qd7 40. c5
Ne7 41. Bxe7 1-0

[Event "Quebec op"]
[Site "Montreal CAN"]
[Date "2003.07.15"]
[Round "5"]
[White "Laptos, Kris"]
[Black "Poulin, Maurice"]
[Result "1-0"]
[WhiteElo "2277"]
[BlackElo "2077"]
[PlyCount "93"]
[EventDate "2003.07.12"]
[EventType "swiss"]
[EventRounds "9"]
[EventCountry "CAN"]

1. d4 g6 2. c4 Bg7 3. Nf3 d6 4. Nc3 Nc6 5. d5 Ne5 6. Nxe5 Bxe5 7. e4 Bg7 8. Be2
c5 9. O-O Nf6 10. Bf4 O-O 11. Qd2 Ne8 12. Rad1 Bd7 13. Bh6 a6 14. Bxg7 Kxg7 15.
a4 Nc7 16. f4 Qb8 17. f5 f6 18. Rf3 b5 19. axb5 axb5 20. cxb5 Bxb5 21. Nxb5
Nxb5 22. Rb3 c4 23. Bxc4 Qa7+ 24. Kh1 Nc7 25. Rh3 g5 26. Qe2 Kg8 27. e5 Rf7 28.
Ra3 Qc5 29. e6 Rg7 30. Rxa8+ Nxa8 31. Qh5 Nc7 32. b3 Kh8 33. h3 Qa3 34. Qg4 Rg8
35. Qd4 g4 36. hxg4 Qb4 37. Qa7 Qc3 38. Qxc7 Qe3 39. Qxe7 Qh6+ 40. Kg1 Qe3+ 41.
Kf1 Qf4+ 42. Ke1 Qe5+ 43. Be2 Rxg4 44. Qf8+ Rg8 45. e7 Qc3+ 46. Kf1 Qe5 47.
e8=Q 1-0

[Event "Quebec op"]
[Site "Montreal CAN"]
[Date "2003.07.15"]
[Round "5"]
[White "Laurain, Guy"]
[Black "Bolduc, Steve"]
[Result "1/2-1/2"]
[WhiteElo "2079"]
[BlackElo "2275"]
[PlyCount "92"]
[EventDate "2003.07.12"]
[EventType "swiss"]
[EventRounds "9"]
[EventCountry "CAN"]

1. e4 c5 2. Nf3 Nc6 3. Nc3 g6 4. d3 Bg7 5. g3 e6 6. Bg2 Nge7 7. O-O d5 8. Re1
d4 9. Nb1 h6 10. Nbd2 O-O 11. a4 e5 12. b3 Rb8 13. Ba3 b6 14. Nc4 Qc7 15. h3
Be6 16. Kh2 f6 17. Qe2 Rbd8 18. Nfd2 a6 19. Nf1 b5 20. Ncd2 Na5 21. axb5 axb5
22. Nf3 Nb7 23. Bc1 Ra8 24. Bd2 Nd6 25. Nh4 Rxa1 26. Rxa1 Qb7 27. f4 Bf7 28.
Qd1 Ra8 29. fxe5 fxe5 30. g4 Rxa1 31. Qxa1 Nc6 32. Ng3 Qa7 33. Qc1 Kh7 34. g5
h5 35. Bf3 c4 36. bxc4 bxc4 37. Ngf5 Bf8 38. Nxd6 Bxd6 39. Qf1 cxd3 40. cxd3
Qa2 41. Be2 Be7 42. Kg3 Be8 43. Qc1 Bxg5 44. Bxg5 Qxe2 45. Qb1 Bf7 46. Nf3 Qa2
1/2-1/2

[Event "Quebec op"]
[Site "Montreal CAN"]
[Date "2003.07.15"]
[Round "5"]
[White "Masse, Hugues"]
[Black "Robichaud, Louis"]
[Result "1-0"]
[WhiteElo "2163"]
[BlackElo "2011"]
[PlyCount "49"]
[EventDate "2003.07.12"]
[EventType "swiss"]
[EventRounds "9"]
[EventCountry "CAN"]

1. e4 e5 2. Nf3 Nc6 3. d4 exd4 4. Nxd4 Bc5 5. Nxc6 Qf6 6. Qd2 dxc6 7. Nc3 Be6
8. Na4 Rd8 9. Bd3 Bd6 10. O-O Ne7 11. Kh1 Ng6 12. f4 Qd4 13. Nc3 Bc8 14. Qe1
Bc5 15. Rf3 Qd7 16. Na4 Bf8 17. Be3 b6 18. Bf2 Qe7 19. Bg3 f6 20. Nc3 Qf7 21.
Rf1 Bb4 22. Qe2 Nf8 23. f5 Rd7 24. e5 Rxd3 25. exf6+ 1-0

[Event "Quebec op"]
[Site "Montreal CAN"]
[Date "2003.07.15"]
[Round "5"]
[White "McDonough, Jonathan"]
[Black "Roy, Guy"]
[Result "0-1"]
[WhiteElo "2040"]
[BlackElo "2107"]
[PlyCount "78"]
[EventDate "2003.07.12"]
[EventType "swiss"]
[EventRounds "9"]
[EventCountry "CAN"]

1. d4 d5 2. c4 c6 3. Nf3 Nf6 4. Nc3 e6 5. e3 Bd6 6. Bd3 Nbd7 7. O-O e5 8. cxd5
Nxd5 9. Nxd5 cxd5 10. dxe5 Nxe5 11. Bb5+ Nc6 12. Qa4 Bd7 13. e4 a6 14. Bxc6
Bxc6 15. Qd4 O-O 16. e5 Bc7 17. Bd2 Bb6 18. Qg4 Qc8 19. Qb4 Bc7 20. Bc3 Re8 21.
Rfe1 Rb8 22. Qf4 Qe6 23. Re3 Rbd8 24. Nd4 Qd7 25. Rae1 f6 26. Nf5 Bxe5 27. Bxe5
Rxe5 28. Rxe5 fxe5 29. Qxe5 Rf8 30. Ne7+ Kh8 31. Qh5 Qd6 32. Re3 Qf6 33. Qe2
Qg5 34. Nxc6 bxc6 35. Qxa6 d4 36. Re1 Qd5 37. Qd3 c5 38. h3 Qxa2 39. Qf5 Rxf5
0-1

[Event "Quebec op"]
[Site "Montreal CAN"]
[Date "2003.07.15"]
[Round "5"]
[White "Neacsu, Catalin"]
[Black "Laframboise, Marc-Andre"]
[Result "1/2-1/2"]
[WhiteElo "1873"]
[BlackElo "2110"]
[PlyCount "83"]
[EventDate "2003.07.12"]
[EventType "swiss"]
[EventRounds "9"]
[EventCountry "CAN"]

1. e4 c5 2. Nf3 d6 3. d4 cxd4 4. Nxd4 Nf6 5. Nc3 a6 6. Be3 Ng4 7. Bg5 h6 8. Bh4
g5 9. Bg3 Bg7 10. Bc4 Nc6 11. Nxc6 bxc6 12. Qf3 O-O 13. h4 Qa5 14. hxg5 Qxg5
15. Bf4 Qg6 16. O-O-O Ne5 17. Bxe5 Bxe5 18. Qe3 Qg5 19. Qxg5+ hxg5 20. Ne2 Bf6
21. f3 Rd8 22. Rh6 Kg7 23. Rdh1 d5 24. Rh7+ Kg8 25. exd5 Bf5 26. R7h6 cxd5 27.
Bd3 Bxd3 28. cxd3 Rdc8+ 29. Kb1 Rab8 30. b3 a5 31. Rc1 Rxc1+ 32. Nxc1 Rb4 33.
Rh1 g4 34. Rf1 gxf3 35. Rxf3 Rg4 36. Rf2 Bd4 37. Rc2 e5 38. Ne2 f5 39. Nxd4
Rxd4 40. Rf2 Rxd3 41. Rxf5 Re3 42. Kc2 1/2-1/2

[Event "Quebec op"]
[Site "Montreal CAN"]
[Date "2003.07.15"]
[Round "5"]
[White "Pruess, David"]
[Black "Beaulieu, Eric"]
[Result "1-0"]
[WhiteElo "2399"]
[BlackElo "2232"]
[PlyCount "45"]
[EventDate "2003.07.12"]
[EventType "swiss"]
[EventRounds "9"]
[EventCountry "CAN"]

1. c4 e5 2. g3 Nf6 3. Bg2 Nc6 4. Nc3 Bc5 5. e3 a6 6. Nge2 d6 7. O-O Bd7 8. d4
Ba7 9. b4 Nxb4 10. dxe5 dxe5 11. Rb1 a5 12. a3 Nc6 13. Rxb7 Bb6 14. Na4 O-O 15.
Nxb6 cxb6 16. Rxd7 Nxd7 17. Bxc6 Ra7 18. Bb2 Qe7 19. Qd5 Rc8 20. Bb5 Kf8 21.
Rd1 f6 22. Nc3 Rd8 23. Bc6 1-0

[Event "Quebec op"]
[Site "Montreal CAN"]
[Date "2003.07.15"]
[Round "5"]
[White "Ramaswamy, Kishor"]
[Black "Audet-Bouchard, Nicolas"]
[Result "0-1"]
[WhiteElo "2014"]
[BlackElo "2134"]
[PlyCount "52"]
[EventDate "2003.07.12"]
[EventType "swiss"]
[EventRounds "9"]
[EventCountry "CAN"]

1. d4 Nf6 2. Nf3 c5 3. c3 d5 4. Bf4 Nc6 5. e3 Qb6 6. Qb3 c4 7. Qc2 Bf5 8. Qc1
e6 9. Nbd2 Qd8 10. h3 b5 11. Nh4 Bd6 12. Nxf5 exf5 13. Bxd6 Qxd6 14. a4 b4 15.
b3 f4 16. bxc4 fxe3 17. fxe3 Qg3+ 18. Ke2 O-O 19. c5 Rfe8 20. Nf3 Ne4 21. cxb4
Qf2+ 22. Kd1 Nxb4 23. Rg1 Na2 24. Rxa2 Qxa2 25. Bb5 a6 26. Be2 Rab8 0-1

[Event "Quebec op"]
[Site "Montreal CAN"]
[Date "2003.07.15"]
[Round "5"]
[White "Voskanyan, Vahagn"]
[Black "Hua, Lefong"]
[Result "1/2-1/2"]
[WhiteElo "2281"]
[BlackElo "2329"]
[PlyCount "39"]
[EventDate "2003.07.12"]
[EventType "swiss"]
[EventRounds "9"]
[EventCountry "CAN"]

1. Nf3 c5 2. c4 Nf6 3. Nc3 b6 4. g3 Bb7 5. Bg2 e6 6. O-O Be7 7. b3 O-O 8. Bb2
d6 9. d4 cxd4 10. Qxd4 a6 11. Rfd1 Nbd7 12. Rac1 Qc7 13. h3 Rad8 14. Qf4 Qb8
15. Ng5 Bxg2 16. Kxg2 h6 17. Nf3 Qb7 18. Kg1 Nc5 19. Rc2 Rc8 20. Ne1 1/2-1/2

[Event "Quebec op"]
[Site "Montreal CAN"]
[Date "2003.07.16"]
[Round "6"]
[White "Arsenault, Nicolas"]
[Black "Luksza, Arkadiusz"]
[Result "0-1"]
[WhiteElo "2043"]
[BlackElo "2211"]
[PlyCount "71"]
[EventDate "2003.07.12"]
[EventType "swiss"]
[EventRounds "9"]
[EventCountry "CAN"]

1. e4 d6 2. d4 g6 3. Nc3 Bg7 4. Be3 a6 5. a4 Nf6 6. h3 O-O 7. Nf3 Nc6 8. Be2 e5
9. O-O exd4 10. Nxd4 Re8 11. Nxc6 bxc6 12. Bf3 Nd7 13. Qd2 Rb8 14. Rab1 Qe7 15.
Rfe1 Qe5 16. Ne2 Nc5 17. Bd4 Qe7 18. Bxg7 Kxg7 19. Nd4 Bd7 20. e5 dxe5 21. Nxc6
Bxc6 22. Bxc6 Red8 23. Qc3 f6 24. Rbd1 Ne6 25. Bd5 Nf4 26. Bf3 Rb6 27. Rxd8
Qxd8 28. Kh2 Rd6 29. g3 Ne6 30. Bg4 Nd4 31. f4 exf4 32. gxf4 h5 33. Bd1 Nf5 34.
Bf3 Rd2+ 35. Kg1 Qd6 36. Re4 0-1

[Event "Quebec op"]
[Site "Montreal CAN"]
[Date "2003.07.16"]
[Round "6"]
[White "Audet-Bouchard, Nicolas"]
[Black "Bachand-Fleurent, Julien"]
[Result "1/2-1/2"]
[WhiteElo "2134"]
[BlackElo "2060"]
[PlyCount "63"]
[EventDate "2003.07.12"]
[EventType "swiss"]
[EventRounds "9"]
[EventCountry "CAN"]

1. e4 e6 2. d4 d5 3. Nc3 Bb4 4. e5 c5 5. a3 Bxc3+ 6. bxc3 Ne7 7. Qg4 Qc7 8.
Qxg7 Rg8 9. Qxh7 cxd4 10. Ne2 dxc3 11. f4 Nbc6 12. Qd3 Nf5 13. a4 d4 14. g4
Rxg4 15. Bh3 Rg6 16. Bxf5 exf5 17. Ba3 Qb6 18. Qh3 Nb4 19. Qh8+ Kd7 20. Bxb4
Qxb4 21. Nxd4 Rg2 22. Ne2 Kc7 23. Rd1 Bd7 24. Qf6 Rxe2+ 25. Kxe2 Qe4+ 26. Kf2
Qxf4+ 27. Ke2 Qe4+ 28. Kf2 Qxc2+ 29. Ke3 Qe4+ 30. Kf2 Qf4+ 31. Ke2 Qe4+ 32. Kf2
1/2-1/2

[Event "Quebec op"]
[Site "Montreal CAN"]
[Date "2003.07.16"]
[Round "6"]
[White "Beaulieu, Eric"]
[Black "Abreu Cordero, Jose"]
[Result "1-0"]
[WhiteElo "2232"]
[BlackElo "2079"]
[PlyCount "65"]
[EventDate "2003.07.12"]
[EventType "swiss"]
[EventRounds "9"]
[EventCountry "CAN"]

1. d4 c6 2. c4 d5 3. Nc3 e6 4. Nf3 Nf6 5. e3 Nbd7 6. Bd3 Bd6 7. O-O O-O 8. Qc2
h6 9. Bd2 dxc4 10. Bxc4 e5 11. Bb3 exd4 12. exd4 Nb6 13. Bxh6 gxh6 14. Qg6+ Kh8
15. Qxh6+ Nh7 16. Ne4 Be7 17. h4 Bf5 18. Ng3 Be6 19. Bc2 f5 20. Qxe6 Rf6 21.
Qe2 Bf8 22. Bxf5 Bd6 23. Bxh7 Kxh7 24. Ng5+ Kg8 25. Qh5 Qd7 26. N3e4 Raf8 27.
Nxf6+ Rxf6 28. Rae1 Bf8 29. Ne4 Rf7 30. Qg6+ Bg7 31. Ng5 Re7 32. Re3 Nd5 33.
Rf3 1-0

[Event "Quebec op"]
[Site "Montreal CAN"]
[Date "2003.07.16"]
[Round "6"]
[White "Bolduc, Steve"]
[Black "Cloutier, Mario"]
[Result "1-0"]
[WhiteElo "2275"]
[BlackElo "2022"]
[PlyCount "123"]
[EventDate "2003.07.12"]
[EventType "swiss"]
[EventRounds "9"]
[EventCountry "CAN"]

1. d4 d5 2. c4 c6 3. Nf3 Nf6 4. Nc3 dxc4 5. a4 Bf5 6. Ne5 e6 7. f3 Bb4 8. e4
Bxe4 9. fxe4 Nxe4 10. Bd2 Qxd4 11. Nxe4 Qxe4+ 12. Qe2 Bxd2+ 13. Kxd2 Qd5+ 14.
Kc2 Na6 15. Nxc4 O-O-O 16. Qe5 f6 17. Qxd5 cxd5 18. Na5 Rd6 19. Bxa6 Rxa6 20.
b4 Rd6 21. Kd3 b6 22. Rhc1+ Kd7 23. Nb3 e5 24. a5 Ra8 25. Rc2 Rc6 26. Rxc6 Kxc6
27. axb6 Kxb6 28. Ra5 Rd8 29. Nc5 Ra8 30. Na4+ Kc6 31. b5+ Kb7 32. b6 d4 33.
bxa7 Rxa7 34. Nc5+ Kb6 35. Rxa7 Kxa7 36. Ne6 Kb6 37. Nxg7 Kc6 38. Nh5 f5 39.
Ng3 Kd5 40. Nxf5 e4+ 41. Kd2 Ke5 42. Ng3 Kf4 43. Ne2+ Ke5 44. g3 h6 45. h3 Kd5
46. Nf4+ Ke5 47. Ke2 Kf5 48. Nd5 Ke6 49. Nb6 Kd6 50. Na4 Kd5 51. Nb2 Ke5 52.
Nd1 Kf5 53. Nf2 h5 54. Nd1 Ke5 55. Nb2 Kd5 56. Na4 Kc6 57. Kf2 Kb5 58. g4 hxg4
59. hxg4 Kxa4 60. g5 Kb3 61. g6 d3 62. g7 1-0

[Event "Quebec op"]
[Site "Montreal CAN"]
[Date "2003.07.16"]
[Round "6"]
[White "Desmarais, Emmanuel"]
[Black "Masse, Hugues"]
[Result "0-1"]
[WhiteElo "2000"]
[BlackElo "2163"]
[PlyCount "64"]
[EventDate "2003.07.12"]
[EventType "swiss"]
[EventRounds "9"]
[EventCountry "CAN"]

1. e4 e5 2. Nf3 Nc6 3. Bc4 Nf6 4. Nc3 Nxe4 5. Nxe4 d5 6. Qe2 dxc4 7. Qxc4 Be7
8. O-O O-O 9. c3 Be6 10. Qb5 a6 11. Qe2 h6 12. d3 f5 13. Ng3 Bd6 14. Nxe5 Nxe5
15. f4 Bc5+ 16. d4 Bc4 17. Qxe5 Bd6 18. Qe1 Bxf1 19. Qxf1 Qf6 20. Bd2 Kh8 21.
Qd3 Rae8 22. c4 c6 23. Rf1 Qf7 24. Bc3 Kh7 25. b4 g6 26. a4 Be7 27. Rd1 Bf6 28.
Nf1 Qe7 29. Re1 Qc7 30. Rxe8 Rxe8 31. g3 Qg7 32. Nd2 Qe7 0-1

[Event "Quebec op"]
[Site "Montreal CAN"]
[Date "2003.07.16"]
[Round "6"]
[White "Fillion, Steve"]
[Black "Ramaswamy, Kishor"]
[Result "1/2-1/2"]
[WhiteElo "2150"]
[BlackElo "2014"]
[PlyCount "31"]
[EventDate "2003.07.12"]
[EventType "swiss"]
[EventRounds "9"]
[EventCountry "CAN"]

1. d4 d5 2. Nf3 Nf6 3. Bf4 c5 4. c3 Qb6 5. Qc1 Nc6 6. e3 Bf5 7. Nbd2 h6 8. h3
e6 9. Be2 Be7 10. O-O O-O 11. Ne5 Rac8 12. g4 Bh7 13. Ndf3 cxd4 14. exd4 a5 15.
Nxc6 bxc6 16. Nd2 1/2-1/2

[Event "Quebec op"]
[Site "Montreal CAN"]
[Date "2003.07.16"]
[Round "6"]
[White "Laurain, Guy"]
[Black "Gravel, Simon M"]
[Result "1/2-1/2"]
[WhiteElo "2079"]
[BlackElo "2266"]
[PlyCount "81"]
[EventDate "2003.07.12"]
[EventType "swiss"]
[EventRounds "9"]
[EventCountry "CAN"]

1. e4 e5 2. Nf3 Nc6 3. Bb5 a6 4. Ba4 Nf6 5. O-O Nxe4 6. Bxc6 dxc6 7. Nxe5 Be7
8. d3 Nf6 9. Nd2 O-O 10. Ndf3 Nd5 11. d4 f6 12. Nd3 Bg4 13. h3 Bh5 14. Nc5 Qc8
15. Re1 Re8 16. Bd2 b6 17. Ne4 Bf8 18. c4 Ne7 19. Bc3 Bf7 20. Nfd2 a5 21. a4
Bg6 22. Qf3 Qf5 23. Qg3 Qd7 24. Qf4 Nf5 25. g4 Nd6 26. f3 Nxe4 27. Nxe4 f5 28.
Nf2 Bd6 29. Qd2 Rxe1+ 30. Rxe1 Re8 31. Kg2 h6 32. Re2 Kh7 33. Nd3 fxg4 34. hxg4
Bxd3 35. Qxd3+ Kg8 36. Re4 Qf7 37. b3 Rf8 38. d5 cxd5 39. cxd5 Rd8 40. Qc4 Rf8
41. Qd3 1/2-1/2